Teoría y práctica de la bolsa : (Registro nro. 5659)
[ vista simple ]
| 000 -LEADER | |
|---|---|
| fixed length control field | 01336nam a2200265Ia 4500 |
| 003 - CONTROL NUMBER IDENTIFIER | |
| control field | OSt |
| 005 - DATE AND TIME OF LATEST TRANSACTION | |
| control field | 20200620233126.0 |
| 008 - FIXED-LENGTH DATA ELEMENTS--GENERAL INFORMATION | |
| fixed length control field | 191128s2010 sp ad fr 001 0 spa d |
| 020 ## - INTERNATIONAL STANDARD BOOK NUMBER | |
| International Standard Book Number | 9788479789688 |
| 040 ## - CATALOGING SOURCE | |
| Original cataloging agency | CO-JMCR |
| Transcribing agency | CO-JMCR |
| 041 0# - LANGUAGE CODE | |
| Language code of text/sound track or separate title | spa |
| 082 04 - DEWEY DECIMAL CLASSIFICATION NUMBER | |
| Classification number | 332.642 / |
| Item number | P272t |
| Edition number | 23 |
| 100 1# - MAIN ENTRY--PERSONAL NAME | |
| Personal name | Pérez Fernandez-Tenllado, Ruperto, |
| Relator term | autor |
| 9 (RLIN) | 5915 |
| 245 10 - TITLE STATEMENT | |
| Title | Teoría y práctica de la bolsa : |
| Remainder of title | todo lo que debe saber el inversor sobre los mercados financieros / |
| Statement of responsibility, etc. | Ruperto Pérez Férnandez-Tenllado |
| 260 ## - PUBLICATION, DISTRIBUTION, ETC. | |
| Place of publication, distribution, etc. | Madrid : |
| Name of publisher, distributor, etc. | Díaz de Santos, |
| Date of publication, distribution, etc. | 2010 |
| 300 ## - PHYSICAL DESCRIPTION | |
| Extent | xviii, 436 páginas : |
| Other physical details | gráficos a blanco y negro ; |
| Dimensions | 24 cm. |
| 500 ## - GENERAL NOTE | |
| General note | Incluye índice análitico. |
| 504 ## - BIBLIOGRAPHY, ETC. NOTE | |
| Bibliography, etc. note | Bibliografía: páginas 427 |
| 505 0# - FORMATTED CONTENTS NOTE | |
| Formatted contents note | La bolsa y usted -- Mercados y bolsa -- Principales bolsas del mundo -- Índices bursátiles -- Funcionamiento de la bolsa -- Análisis fundamental -- Análisis técnico - representaciones gráficas |
| 520 ## - SUMMARY, ETC. | |
| Summary, etc. | La bolsa es un negocio muy serio y de una gran dificultad, en el que usted arriesga no solo su patrimonio, sino también su autoestima, frente a millones de personas y poderosas instituciones que tienen en sus miras el mismo objetivo que usted. |
| 650 14 - SUBJECT ADDED ENTRY--TOPICAL TERM | |
| Topical term or geographic name entry element | La bolsa de mercados |
| 9 (RLIN) | 5916 |
| 650 14 - SUBJECT ADDED ENTRY--TOPICAL TERM | |
| Topical term or geographic name entry element | Índices bursátiles |
| 9 (RLIN) | 5917 |
| 650 14 - SUBJECT ADDED ENTRY--TOPICAL TERM | |
| Topical term or geographic name entry element | Tendencias |
| 9 (RLIN) | 5918 |
| 942 ## - ADDED ENTRY ELEMENTS (KOHA) | |
| Source of classification or shelving scheme | Dewey Decimal Classification |
| Koha item type | Books |
| Withdrawn status | Lost status | Source of classification or shelving scheme | Damaged status | Not for loan | Collection code | Home library | Current library | Date acquired | Source of acquisition | Cost, normal purchase price | Total Checkouts | Total Renewals | Full call number | Barcode | Date last seen | Date last checked out | Copy number | Koha item type |
|---|---|---|---|---|---|---|---|---|---|---|---|---|---|---|---|---|---|---|
| Dewey Decimal Classification | Non-fiction | Biblioteca Pública José María del Castillo y Rada | Biblioteca Pública José María del Castillo y Rada | 04/15/2018 | Donación | 0.00 | 2 | 1 | 332.642 / P272t | 430003181 | 05/16/2024 | 10/13/2023 | Ej.1 | Books |